000
00177nam a22000977a 4500
003
SGT
245
_a
BJA EDUCATION
260
_a
UK
_b
RCOA
_c
2017
300
_a
408
942
_2
ddc
_c
BV
999
_c
24390
_d
24390